[Event "Lansing (MI Am/3)"]
[Site "?"]
[Date "1993.??.??"]
[Round "?"]
[White "Wilson, D."]
[Black "Endres, John"]
[Result "1-0"]
[WhiteElo "1625"]
[BlackElo "1605"]
[PlyCount "67"]
[EventDate "1993.??.??"]

1. e4 e5 2. Nf3 Nc6 3. Bc4 Bc5 4. Nc3 Nf6 5. Ng5 O-O 6. d3 d6 7. h3 h6 8. Nf3
Bb4 9. Bd2 Na5 10. Bb3 Nxb3 11. axb3 Be6 12. g3 d5 13. Nxe5 dxe4 14. Nxe4 Bxd2+
15. Nxd2 Qd4 16. Nec4 Rfe8 17. Ne3 Qxb2 18. h4 Qd4 19. Ra4 Qd6 20. O-O Nd5 21.
Nxd5 Qxd5 22. f4 Bh3 23. Rf2 Re3 24. Ne4 f5 25. Qd2 Rf3 26. Rxf3 fxe4 27. Rxe4
Qc5+ 28. Rfe3 Rd8 29. d4 Qc6 30. c4 Bf5 31. Re5 Bh3 32. d5 Qc5 33. Qf2 Qd4 34.
Re8+ 1-0

[Event "East Lansing (MI Op/4/33)"]
[Site "?"]
[Date "1993.??.??"]
[Round "?"]
[White "Williams, Ron"]
[Black "Thurman, John"]
[Result "1-0"]
[WhiteElo "1880"]
[BlackElo "1700"]
[PlyCount "59"]
[EventDate "1993.??.??"]

{4/(33)} 1. Nf3 Nf6 2. g3 g6 3. Bg2 d5 4. d3 Bf5 5. Nbd2 c5 6. Nh4 Bd7 7. e4
dxe4 8. dxe4 Bc6 9. O-O Bg7 10. Qe2 e5 11. Nc4 Qe7 12. Na5 b6 13. Nxc6 Nxc6 14.
c3 O-O 15. a4 Rad8 16. Bg5 Rd6 17. Rfd1 Rfd8 18. Bf3 Qd7 19. Rxd6 Qxd6 20. Qb5
Qc7 21. Ng2 h6 22. Bxf6 Bxf6 23. Ne3 Ne7 24. h4 Qd7 25. Rd1 Qe8 26. Qxe8+ Rxe8
27. Rd7 Nc6 28. Rc7 Re6 29. Bg4 Bd8 30. Rc8 1-0

[Event "East Lansing (MI Op/2/29)"]
[Site "?"]
[Date "1993.??.??"]
[Round "?"]
[White "Williams, Ron"]
[Black "Taylor, E."]
[Result "0-1"]
[WhiteElo "1880"]
[BlackElo "1950"]
[PlyCount "78"]
[EventDate "1993.??.??"]

{2/(29)} 1. Nf3 Nf6 2. g3 c5 3. Bg2 d5 4. d3 Nc6 5. Nbd2 e5 6. e4 d4 7. O-O Bg4
8. h3 Be6 9. a3 Qc8 10. Kh2 h6 11. g4 g5 12. Nc4 Qc7 13. Qe2 Be7 14. Bd2 b5 15.
b3 bxc4 16. bxc4 Nh7 17. Ng1 Nf8 18. Qd1 Ng6 19. Ne2 h5 20. gxh5 Nf4 21. Ng3
Qd7 22. Bxf4 exf4 23. Nh1 Ne5 24. f3 Rxh5 25. Nf2 Rh4 26. Kg1 Kf8 27. Qe2 Kg7
28. Ng4 Bxg4 29. hxg4 Rb8 30. Rab1 Qc7 31. Kf2 Rh6 32. Rb3 Rxb3 33. cxb3 Rb6
34. Rb1 Qb8 35. Qc2 a5 36. a4 Rh6 37. Qe2 Qb4 38. Kg1 Qc3 39. Bf1 Nxf3+ 0-1

[Event "East Lansing (MI Op/7/19)"]
[Site "?"]
[Date "1993.??.??"]
[Round "?"]
[White "Williams, Ron"]
[Black "Golonka, Stan"]
[Result "1-0"]
[WhiteElo "1880"]
[BlackElo "1950"]
[PlyCount "119"]
[EventDate "1993.??.??"]

{7/(19)} 1. Nf3 c5 2. g3 Nc6 3. Bg2 e5 4. e4 g6 5. d3 Bg7 6. Nbd2 Nge7 7. O-O
O-O 8. a4 d6 9. h3 f5 10. c3 h6 11. exf5 gxf5 12. Nh4 d5 13. Nb3 Qd6 14. a5 Rb8
15. Re1 b6 16. axb6 axb6 17. f4 Ng6 18. Nxg6 Qxg6 19. Bxd5+ Kh8 20. Kh2 Rd8 21.
Bg2 e4 22. d4 cxd4 23. cxd4 Nxd4 24. Nxd4 Rxd4 25. Qe2 Rd3 26. Be3 Rb3 27. Reb1
Bd7 28. Ra3 Bb5 29. Qd2 Rd3 30. Rxd3 Bxd3 31. Rc1 Qf6 32. Rc3 Ra8 33. Rxd3 exd3
34. Bxa8 Qxb2 35. Qxb2 Bxb2 36. Bxb6 Kg7 37. Kg2 Kf6 38. Bd5 h5 39. Kf3 Bc1 40.
Bc4 d2 41. Ke2 h4 42. Bd8+ Kg6 43. Bxh4 Kh5 44. Be6 d1=Q+ 45. Kxd1 Bxf4 46.
Bxf5 Bd6 47. Ke2 Be5 48. Kf3 Bd6 49. Bf6 Kh6 50. g4 Bf4 51. h4 Bd6 52. h5 Ba3
53. Bg6 Bc1 54. Ke4 Bd2 55. Kf5 Bc1 56. Ke6 Bd2 57. Kf7 Bc1 58. Bg7+ Kg5 59. h6
Kxg4 60. h7 1-0

[Event "Flint (Class C/4)"]
[Site "?"]
[Date "1993.??.??"]
[Round "?"]
[White "Williams, Claude"]
[Black "Vaughn, Gerald"]
[Result "0-1"]
[WhiteElo "1605"]
[BlackElo "1605"]
[PlyCount "36"]
[EventDate "1993.??.??"]

1. e4 c5 2. c3 Nf6 3. e5 Nd5 4. d4 cxd4 5. Nf3 Nc6 6. cxd4 e6 7. Bd3 Bb4+ 8.
Bd2 Bxd2+ 9. Qxd2 O-O 10. O-O f6 11. exf6 Rxf6 12. Qc2 Rh6 13. a3 Qf6 14. Qc3
Nxc3 15. Nxc3 Nxd4 16. Be4 Nxf3+ 17. Bxf3 Rg6 18. Ne4 Qxf3 0-1

[Event "Flint (Class C/1)"]
[Site "?"]
[Date "1993.??.??"]
[Round "?"]
[White "Williams, Claude"]
[Black "Rodriguez, Juan"]
[Result "1/2-1/2"]
[WhiteElo "1605"]
[BlackElo "1605"]
[PlyCount "96"]
[EventDate "1993.??.??"]

1. e4 e6 2. d4 d5 3. Nc3 Bb4 4. Bd2 c5 5. exd5 cxd4 6. Nb5 Bxd2+ 7. Qxd2 e5 8.
Bc4 Qb6 9. Nf3 a6 10. Nbxd4 exd4 11. Qxd4 Qxd4 12. Nxd4 Nf6 13. O-O O-O 14.
Rfe1 b5 15. Bb3 Bb7 16. d6 Nbd7 17. Re7 Rfe8 18. Bxf7+ Kh8 19. Bxe8 Rxe8 20.
Rae1 Rxe7 21. Rxe7 Bd5 22. h3 Kg8 23. g4 h6 24. Nf5 Bf7 25. b4 Kf8 26. a3 g6
27. Nxh6 Bc4 28. g5 Nh5 29. Rxd7 Be6 30. Rd8+ Kg7 31. Re8 Bxh3 32. Re7+ Kf8 33.
Nf7 Nf4 34. Ne5 Bf5 35. Ra7 Nh3+ 36. Kg2 Nxg5 37. d7 Be4+ 38. Kg3 Ne6 39. Rxa6
Ke7 40. Ra7 g5 41. Rb7 Bxb7 42. c4 Kf6 43. Ng4+ Ke7 44. c5 Kxd7 45. Ne5+ Kc7
46. Kg4 Bc8 47. Kh5 Nf4+ 48. Kxg5 Nh3+ 1/2-1/2

[Event "East Lansing (MOR/1b/3)"]
[Site "?"]
[Date "1993.??.??"]
[Round "?"]
[White "Williams, Claude"]
[Black "Gaiefsky, Mike"]
[Result "0-1"]
[WhiteElo "1605"]
[BlackElo "1765"]
[PlyCount "50"]
[EventDate "1993.??.??"]

1. e4 g6 2. Bc4 Bg7 3. c3 d5 4. exd5 Nf6 5. d4 Nxd5 6. Nf3 Nc6 7. Nbd2 O-O 8.
Ne4 Na5 9. Bd3 Bf5 10. Qe2 Bxe4 11. Bxe4 c5 12. O-O cxd4 13. Nxd4 Nf6 14. Bd3
Rc8 15. Be3 a6 16. Rad1 Qd5 17. c4 Nxc4 18. Nf3 Nxe3 19. Qxe3 Qc5 20. Qd2 Qh5
21. Rfe1 Nd5 22. Be4 Rfd8 23. Bxd5 e6 24. Ng5 Rxd5 25. Qb4 Rxd1 0-1

[Event "East Lansing (MOR/5/39)"]
[Site "?"]
[Date "1993.??.??"]
[Round "?"]
[White "Williams, C."]
[Black "Zuniga, Jesus"]
[Result "1-0"]
[WhiteElo "1605"]
[BlackElo "1605"]
[PlyCount "59"]
[EventDate "1993.??.??"]

{5/(39)} 1. e4 c5 2. Nc3 Nc6 3. g3 d6 4. Bg2 g6 5. d3 Bg7 6. f4 e5 7. Nf3 exf4
8. Bxf4 Bxc3+ 9. bxc3 Qa5 10. Qd2 Qc7 11. O-O Bg4 12. h3 Bxf3 13. Bxf3 O-O-O
14. d4 f6 15. Rfb1 g5 16. Be3 Nge7 17. Qf2 b6 18. Be2 Nb8 19. Qxf6 d5 20. e5 h6
21. Qe6+ Qd7 22. Qxd7+ Nxd7 23. Rf1 Rhf8 24. e6 Nb8 25. Rf7 Rxf7 26. exf7 Ng6
27. Rf1 Nd7 28. Bh5 Ngf8 29. Rf5 Kc7 30. Bf3 1-0

[Event "East Lansing (MOR/7/33)"]
[Site "?"]
[Date "1993.??.??"]
[Round "?"]
[White "Williams, C."]
[Black "Mitchell, Dave"]
[Result "0-1"]
[WhiteElo "1605"]
[BlackElo "1605"]
[PlyCount "87"]
[EventDate "1993.??.??"]

{7/(33)} 1. e4 c6 2. d4 d5 3. e5 Bf5 4. Nf3 e6 5. Bd3 Bxd3 6. Qxd3 Nd7 7. O-O
c5 8. c3 Rc8 9. Re1 Ne7 10. Bg5 Qb6 11. Qc2 cxd4 12. Nxd4 Ng6 13. Be3 Bc5 14.
Nf3 Bxe3 15. Rxe3 O-O 16. Nbd2 d4 17. Rd3 Ndxe5 18. Nxe5 Nxe5 19. Rxd4 Qxd4 20.
cxd4 Rxc2 21. Nb3 Ng6 22. Rb1 Rfc8 23. h3 Re2 24. Nc1 Rec2 25. Nd3 Rd8 26. Ne1
Rc4 27. Nf3 Rdc8 28. Rf1 Rc1 29. Ne1 Rd1 30. Nf3 Rxf1+ 31. Kxf1 Rc2 32. g3 Rxb2
33. a4 b5 34. axb5 Rxb5 35. Ke2 a5 36. Nd2 Ne7 37. Kd3 Nd5 38. Kc2 a4 39. Nb1
Rb4 40. Na3 Rxd4 41. Nb5 Re4 42. Nc3 Nxc3 43. Kxc3 h5 44. h4 0-1

[Event "East Lansing (MOR/3/28)"]
[Site "?"]
[Date "1993.??.??"]
[Round "?"]
[White "Williams, C."]
[Black "Griffin, John"]
[Result "1/2-1/2"]
[WhiteElo "1605"]
[BlackElo "1605"]
[PlyCount "74"]
[EventDate "1993.??.??"]

{3/(28)} 1. e4 c5 2. Nc3 Nc6 3. Bc4 e6 4. Nf3 a6 5. a3 g6 6. d3 Bg7 7. Be3 d6
8. O-O Nge7 9. Re1 Nd4 10. Rc1 b5 11. Ba2 O-O 12. Nb1 Bb7 13. c3 Nxf3+ 14. Qxf3
Nc6 15. Nd2 Ne5 16. Qe2 Rc8 17. f4 Nc6 18. Nf3 Ne7 19. Qf2 Qc7 20. Qh4 d5 21.
f5 exf5 22. Bf4 Qd8 23. exd5 Nxd5 24. Qxd8 Rcxd8 25. Bxd5 Rxd5 26. Re7 Bc8 27.
d4 cxd4 28. cxd4 Bxd4+ 29. Nxd4 Rxd4 30. Be5 Rd7 31. Rc7 Rxe7 32. Rxe7 Rd8 33.
Bc7 Rf8 34. Be5 g5 35. Kf2 h6 36. g3 Rd8 37. Ke3 Kf8 1/2-1/2

[Event "Ann Arbor (HVA/4/15)"]
[Site "?"]
[Date "1993.??.??"]
[Round "?"]
[White "Williams, C."]
[Black "Collins, Charles"]
[Result "0-1"]
[WhiteElo "1605"]
[BlackElo "1725"]
[PlyCount "60"]
[EventDate "1993.??.??"]

{4/(15)} 1. e4 Nf6 2. e5 Nd5 3. d4 d6 4. Bc4 Nb6 5. Bb3 Nc6 6. Qf3 e6 7. c3
dxe5 8. dxe5 Nxe5 9. Qe2 Nd3+ 10. Kf1 Nxc1 11. Qc2 Nxb3 12. axb3 Be7 13. Nf3
Bf6 14. Nbd2 Nd5 15. Ne4 Qe7 16. Rd1 O-O 17. g3 b6 18. h4 h6 19. Qd2 Ba6+ 20.
Kg2 Rad8 21. g4 e5 22. Kg3 Nf4 23. Nxf6+ Qxf6 24. Qe3 Ne2+ 25. Kg2 Qf4 26. Rxd8
Qxg4+ 27. Kh2 Rxd8 28. c4 Nf4 29. Ne1 Rd3 30. Rg1 Qxh4+ 0-1

[Event "Ann Arbor (HVA/3/23)"]
[Site "?"]
[Date "1993.??.??"]
[Round "?"]
[White "Williams, C."]
[Black "Caron, L."]
[Result "1-0"]
[WhiteElo "1605"]
[BlackElo "1605"]
[PlyCount "59"]
[EventDate "1993.??.??"]

{3/(23)} 1. e4 c5 2. Nc3 Nc6 3. g3 e5 4. d3 Nf6 5. Be3 Be7 6. f4 exf4 7. gxf4
O-O 8. Nf3 d5 9. f5 d4 10. Bh6 Nh5 11. Nd5 Re8 12. Rg1 g6 13. Qe2 Bh4+ 14. Nxh4
Qxh4+ 15. Rg3 Rb8 16. O-O-O Bxf5 17. Nf6+ Nxf6 18. Bg5 Qh5 19. Bxf6 Qxe2 20.
Bxe2 Be6 21. Rdg1 Ne7 22. h4 h5 23. Bxh5 Kh7 24. Bf3 Ng8 25. e5 Nxf6 26. exf6
Rg8 27. Be4 Bf5 28. h5 Bxe4 29. hxg6+ Bxg6 30. Rh1+ 1-0

[Event "Eastpointe (MI Action/3/24)"]
[Site "?"]
[Date "1993.??.??"]
[Round "?"]
[White "Whitaker, Deshontae"]
[Black "Smeckert, Dennis"]
[Result "0-1"]
[WhiteElo "1605"]
[BlackElo "1605"]
[PlyCount "91"]
[EventDate "1993.??.??"]

{3/(24)} 1. e4 e5 2. Nf3 Nf6 3. Nxe5 d6 4. Nf3 Nxe4 5. d3 Nf6 6. Bg5 Nbd7 7.
Nc3 c6 8. Ne4 Be7 9. Nd4 Nxe4 10. Bxe7 Qxe7 11. dxe4 Qxe4+ 12. Ne2 O-O 13. Qxd6
Nb6 14. O-O-O Bf5 15. Nd4 Rad8 16. Bd3 Rxd6 17. Bxe4 Bxe4 18. f3 Bg6 19. Rhe1
Rfd8 20. Nb3 Rxd1+ 21. Rxd1 Rxd1+ 22. Kxd1 Nd5 23. Na5 Ne3+ 24. Kd2 Nxg2 25.
Nxb7 f6 26. a4 Nh4 27. f4 Ng2 28. c4 Nxf4 29. b4 Kf8 30. Nd8 Be8 31. Ke3 Ke7
32. Nxc6+ Bxc6 33. Kxf4 Bxa4 34. Ke4 Ke6 35. Kd4 f5 36. c5 g5 37. Kc4 f4 38. b5
f3 39. c6 Kd6 40. c7 Kxc7 41. Kd3 Bxb5+ 42. Ke3 Bc6 43. Kf2 a5 44. Kg3 a4 45.
Kg4 a3 46. Kxg5 0-1

[Event "Eastpointe (MI Action/5/24)"]
[Site "?"]
[Date "1993.??.??"]
[Round "?"]
[White "Whitaker, Deshontae"]
[Black "Mahabir, Jagdesh"]
[Result "0-1"]
[WhiteElo "1605"]
[BlackElo "1605"]
[PlyCount "64"]
[EventDate "1993.??.??"]

{5/(24)} 1. e4 e5 2. Nf3 Nc6 3. d4 f6 4. dxe5 fxe5 5. Bc4 Nf6 6. Bd5 Be7 7.
Bxc6 dxc6 8. Nxe5 Qxd1+ 9. Kxd1 Nxe4 10. Ke2 O-O 11. Re1 Nxf2 12. Rf1 Ne4 13.
Rxf8+ Bxf8 14. Nc3 Bd6 15. Nc4 Nxc3+ 16. bxc3 Bxh2 17. Ne3 Bd7 18. Nf1 Be5 19.
Bd2 Re8 20. Ne3 Bg4+ 21. Kd3 Bh5 22. Rb1 Rf8 23. Rxb7 Rf2 24. Rxa7 Bg6+ 25. Kc4
Rxd2 26. Kc5 Be4 27. Nc4 Rd5+ 28. Kb4 Rb5+ 29. Ka4 Bxc2+ 30. Ka3 Bxc3 31. Rxc7
Rb4 32. Rxc6 Ra4# 0-1

[Event "Eastpointe (MI Action/1/24)"]
[Site "?"]
[Date "1993.??.??"]
[Round "?"]
[White "Whitaker, Deshontae"]
[Black "Herron, J."]
[Result "0-1"]
[WhiteElo "1605"]
[BlackElo "1715"]
[PlyCount "58"]
[EventDate "1993.??.??"]

{1/(24)} 1. e4 d6 2. Qf3 Nf6 3. Bc4 Nc6 4. Bb5 Bd7 5. Ne2 a6 6. Bxc6 Bxc6 7.
O-O Bxe4 8. Qb3 e5 9. d3 Bc6 10. Bg5 h6 11. Bxf6 Qxf6 12. Nbc3 O-O-O 13. Rad1
Qg6 14. f3 Be7 15. Nd5 Bf6 16. f4 Rde8 17. fxe5 Rxe5 18. Nef4 Qg4 19. d4 Re4
20. g3 Bxd4+ 21. Kh1 Rhe8 22. Nd3 Re2 23. c3 Qh5 24. Nf2 Bxd5+ 25. Qxd5 Qxd5+
26. Kg1 Bxf2+ 27. Rxf2 Qxd1+ 28. Kg2 Qd5+ 29. Kf1 Re1# 0-1

[Event "Flint (Class C/4)"]
[Site "?"]
[Date "1993.??.??"]
[Round "?"]
[White "Wheeler, R."]
[Black "Motley, Gerald"]
[Result "1/2-1/2"]
[WhiteElo "1605"]
[BlackElo "1605"]
[PlyCount "177"]
[EventDate "1993.??.??"]

1. e4 e5 2. Nf3 Nc6 3. d4 exd4 4. Nxd4 Qf6 5. Be3 Ne5 6. Be2 Bc5 7. Nc3 c6 8.
Qd2 h6 9. O-O-O Ne7 10. f4 N5g6 11. e5 Qh4 12. g3 Qh3 13. Ne4 Bxd4 14. Nd6+ Kf8
15. Qxd4 Nf5 16. Nxf5 Qxf5 17. Qd6+ Ne7 18. Bc4 Qg6 19. Qc7 Ke8 20. Bc5 Nd5 21.
Qd6 Qxd6 22. Bxd6 Ne3 23. Rd4 b6 24. Bd3 c5 25. Be4 cxd4 26. Bxa8 f6 27. Re1
Kf7 28. c3 fxe5 29. Bxe5 Re8 30. Bxd4 Nf5 31. Bd5+ Kf8 32. Rxe8+ Kxe8 33. Bf2
Ne7 34. Bf3 d6 35. Kd2 g6 36. g4 Kf7 37. b3 Bd7 38. h4 Bc6 39. Be2 Be4 40. a3
Ke6 41. Ke3 Bc2 42. b4 Nd5+ 43. Kd2 Nxf4 44. Bc4+ d5 45. Bxd5+ Nxd5 46. Kxc2
Nf6 47. g5 hxg5 48. hxg5 Ne4 49. Be3 Nd6 50. Kd3 Kd5 51. a4 Nc4 52. Bc1 a6 53.
Kc2 Nd6 54. Bf4 Nb7 55. Kd3 b5 56. axb5 axb5 57. Bc7 Kc6 58. Bg3 Kd5 59. Bf4
Nd8 60. Ke3 Ne6 61. Kf3 Kc4 62. Be5 Nxg5+ 63. Kf4 Ne6+ 64. Ke4 g5 65. Kf5 Nf4
66. Kxg5 Ne2 67. Kf5 Nxc3 68. Bd6 Nd5 69. Ke4 Nxb4 70. Ke3 Na6 71. Kd2 Nc5 72.
Kc2 b4 73. Kc1 b3 74. Be5 Na4 75. Bg7 Kd3 76. Bf6 Kc4 77. Bg7 Nc3 78. Kb2 Ne2
79. Bf6 Nf4 80. Bg7 Nd3+ 81. Kb1 Kb4 82. Bf8+ Ka4 83. Bg7 Ka3 84. Bf8+ Nb4 85.
Bg7 Na2 86. Bb2+ Kb4 87. Bg7 Kc4 88. Bf6 Nc3+ 89. Kb2 1/2-1/2

[Event "Flint (Class C/2)"]
[Site "?"]
[Date "1993.??.??"]
[Round "?"]
[White "Wheeler, R."]
[Black "Golingai, P."]
[Result "0-1"]
[WhiteElo "1605"]
[BlackElo "1605"]
[PlyCount "78"]
[EventDate "1993.??.??"]

1. e4 e6 2. Nf3 d5 3. exd5 exd5 4. d4 Bd6 5. Nc3 Be6 6. Bd3 Nf6 7. O-O O-O 8.
h3 Nc6 9. Ne2 Nb4 10. Ng5 Bd7 11. f4 h6 12. Nf3 Nxd3 13. Qxd3 Ne4 14. Ne5 Bf5
15. Ng3 Nxg3 16. Qxg3 Bxc2 17. f5 Kh7 18. Qg4 c5 19. Bxh6 Bxe5 20. dxe5 gxh6
21. Rac1 Be4 22. Qh5 Qg5 23. Qxg5 hxg5 24. Rxc5 Rac8 25. Rxc8 Rxc8 26. e6 f6
27. Rf2 Kg7 28. Re2 Rc1+ 29. Kf2 Rc2 30. Rxc2 Bxc2 31. g4 Kf8 32. Ke3 Ke7 33.
b4 a6 34. Kd4 Be4 35. Kc5 Bg2 36. a4 Bxh3 37. Kxd5 Bxg4 38. Ke4 Bd1 39. a5 Bc2+
0-1

[Event "Eastpointe (MI Action/3/14)"]
[Site "?"]
[Date "1993.??.??"]
[Round "?"]
[White "West, Tony"]
[Black "Shaune, M."]
[Result "1-0"]
[WhiteElo "1605"]
[BlackElo "1800"]
[PlyCount "78"]
[EventDate "1993.??.??"]

{3/(14)} 1. d4 e6 2. c4 f5 3. Nf3 Nf6 4. Bg5 Be7 5. Nc3 O-O 6. e3 b6 7. Bd3 Bb7
8. O-O Qe8 9. Nb5 Na6 10. Qe2 c6 11. Nc3 d5 12. cxd5 Nb4 13. dxe6 Nxd3 14. Qxd3
Ne4 15. Nxe4 fxe4 16. Qxe4 Rxf3 17. Bxe7 Qxe7 18. Qxf3 Qxe6 19. Qf4 Rf8 20. Qe5
Qg6 21. f3 Re8 22. Qc7 Ba8 23. e4 h5 24. Qxa7 b5 25. Rad1 Qd6 26. Qc5 Qg6 27.
d5 cxd5 28. exd5 Re2 29. Rf2 Re5 30. Qxb5 Bxd5 31. Rxd5 Re1+ 32. Rf1 Re8 33.
Rxh5 Rf8 34. Qd5+ Qf7 35. Qd3 g6 36. Rg5 Kg7 37. Qd4+ Qf6 38. Qxf6+ Kxf6 39. f4
Rd8 1-0

[Event "Eastpointe (MI Action/2/22)"]
[Site "?"]
[Date "1993.??.??"]
[Round "?"]
[White "West, Tony"]
[Black "Lyons, R."]
[Result "1-0"]
[WhiteElo "1605"]
[BlackElo "1605"]
[PlyCount "72"]
[EventDate "1993.??.??"]

{2/(22)} 1. d4 d5 2. c4 dxc4 3. Nc3 Nc6 4. d5 Nb4 5. Qa4+ c6 6. Qxb4 cxd5 7.
Qb5+ Qd7 8. Qxd7+ Bxd7 9. Nxd5 Rc8 10. Bf4 Kd8 11. e3 Bc6 12. Bxc4 e6 13. Nc7
Bxg2 14. Rd1+ Ke7 15. Bd6+ Kf6 16. e4 Bxe4 17. f3 Bc6 18. Bxf8 Rxc7 19. Kf2
Bxf3 20. Nxf3 Rxc4 21. Rhg1 g6 22. h4 h5 23. Bd6 Rc2+ 24. Ke1 Rh7 25. Be5+ Ke7
26. Ng5 Rh6 27. Bg7 Rh2 28. Rf1 f5 29. Bxh6 Nxh6 30. Rd2 Rxh4 31. Nf3 Re4+ 32.
Kd1 Ng4 33. Kc1 Rc4+ 34. Kb1 Kf6 35. Re1 g5 36. Rd6 Re4 1-0

[Event "Ann Arbor (HVA/4/19)"]
[Site "?"]
[Date "1993.??.??"]
[Round "?"]
[White "Welch, Joseph"]
[Black "Venia, Matt"]
[Result "1-0"]
[WhiteElo "1605"]
[BlackElo "1605"]
[PlyCount "79"]
[EventDate "1993.??.??"]

{4/(19)} 1. e4 e5 2. f4 exf4 3. Nf3 Bc5 4. d4 Bb6 5. Bc4 c6 6. Nc3 Nf6 7. e5
Nd5 8. Nxd5 cxd5 9. Bxd5 d6 10. Bxf4 dxe5 11. dxe5 Bg4 12. Bxb7 Bxf3 13. Qxd8+
Bxd8 14. Bxf3 O-O 15. Bxa8 Na6 16. O-O-O h6 17. Bf3 Bg5 18. Bxg5 hxg5 19. h4 f6
20. Bd5+ Kh7 21. hxg5+ Kg6 22. gxf6 gxf6 23. e6 Nc7 24. Bb3 Re8 25. e7 Rxe7 26.
c3 Ne6 27. Rhe1 Kf7 28. g4 a5 29. Rd2 Kg7 30. Rde2 Kg6 31. Bxe6 a4 32. Bf5+ Kg5
33. Rxe7 a3 34. b4 Kf4 35. b5 Kg5 36. b6 Kh6 37. b7 Kg5 38. b8=Q Kh4 39. Rh1+
Kg5 40. Rh5# 1-0

[Event "East Lansing (MI Op/3/38)"]
[Site "?"]
[Date "1993.??.??"]
[Round "?"]
[White "Welch, Joseph"]
[Black "Rincon, Helio"]
[Result "0-1"]
[WhiteElo "1605"]
[BlackElo "1835"]
[PlyCount "68"]
[EventDate "1993.??.??"]

{3/(38)} 1. e4 Nf6 2. Nc3 d5 3. e5 Nfd7 4. d4 e6 5. f4 c5 6. Nf3 Nc6 7. Be3 Be7
8. Be2 a6 9. a4 O-O 10. O-O cxd4 11. Nxd4 Nxd4 12. Bxd4 f6 13. Bd3 Bc5 14. Bxc5
Nxc5 15. Kh1 Nxd3 16. cxd3 Bd7 17. d4 fxe5 18. fxe5 Rxf1+ 19. Qxf1 Qb6 20. Qf2
Rf8 21. Qd2 Qb4 22. h3 Be8 23. Kh2 Bg6 24. Rd1 Qe7 25. Re1 Qh4 26. g3 Qh5 27.
g4 Qh4 28. Kg2 h5 29. Qe2 Rf4 30. Qd2 hxg4 31. Qxf4 gxh3+ 32. Kf3 Bh5+ 33. Ke3
Qxe1+ 34. Kd3 Bg6+ 0-1

[Event "East Lansing (MI Op/4/38)"]
[Site "?"]
[Date "1993.??.??"]
[Round "?"]
[White "Welch, Joseph"]
[Black "Kung, Fred"]
[Result "0-1"]
[WhiteElo "1605"]
[BlackElo "1815"]
[PlyCount "46"]
[EventDate "1993.??.??"]

{4/(38)} 1. e4 e6 2. d4 d5 3. Nc3 Bb4 4. a3 Bxc3+ 5. bxc3 dxe4 6. Qg4 Nf6 7.
Qxg7 Rg8 8. Qh6 Nbd7 9. Be2 Rxg2 10. Bg5 Ng8 11. Bxd8 Nxh6 12. Bxc7 Rg7 13. Nh3
b6 14. O-O-O Bb7 15. Rhg1 Rxg1 16. Rxg1 Rc8 17. Bf4 Rxc3 18. Bxh6 Rxh3 19. Rg8+
Ke7 20. Bg5+ Kd6 21. Bf4+ Kc6 22. a4 a6 23. Rg7 Ra3 $138 0-1

[Event "Ann Arbor (HVA/1/8)"]
[Site "?"]
[Date "1993.??.??"]
[Round "?"]
[White "Welch, Joseph"]
[Black "June, Brian"]
[Result "0-1"]
[WhiteElo "1605"]
[BlackElo "1855"]
[PlyCount "108"]
[EventDate "1993.??.??"]

{1/(8)} 1. e4 c5 2. Nc3 Nc6 3. g3 g6 4. Bg2 Bg7 5. d3 Nf6 6. Nge2 d6 7. O-O Bd7
8. a4 O-O 9. f4 e6 10. h3 a6 11. Be3 Rb8 12. g4 b5 13. axb5 axb5 14. Ng3 Ne8
15. Rb1 Nd4 16. Nce2 b4 17. b3 Nxe2+ 18. Qxe2 Qa5 19. f5 Be5 20. Bf4 Bd4+ 21.
Kh1 Qd8 22. Bh6 Ng7 23. g5 exf5 24. Rbe1 Re8 25. Qf3 Ne6 26. exf5 Nxg5 27.
Rxe8+ Bxe8 28. Bxg5 Qxg5 29. Ne4 Qe7 30. Qg3 Be5 31. Qe3 Qh4 32. fxg6 hxg6 33.
Qf3 f5 34. Nxc5 Rc8 35. Nb7 Bc6 36. Qf2 Bxg2+ 37. Qxg2 Kh7 38. Rf2 Ra8 39. Rf1
Ra2 40. Rf2 Bg3 41. Rf1 Ra7 42. Nd8 Re7 43. Nc6 Re3 44. Rg1 g5 45. Ra1 Bf4 46.
Nd4 Rxh3+ 47. Kg1 Be3+ 48. Kf1 Rh1+ 49. Ke2 Rh2 50. Ra7+ Kg6 51. Rg7+ Kf6 52.
Qxh2 Qxh2+ 53. Kxe3 Qe5+ 54. Kd2 Kxg7 0-1

[Event "Ann Arbor (HV Mini)"]
[Site "?"]
[Date "1993.??.??"]
[Round "?"]
[White "Welch, Joseph"]
[Black "Harlan, K."]
[Result "0-1"]
[WhiteElo "1605"]
[BlackElo "1680"]
[PlyCount "158"]
[EventDate "1993.??.??"]

1. e4 e5 2. Nf3 Nc6 3. Bc4 Bc5 4. Nc3 d6 5. h3 Be6 6. Bb3 Qd7 7. d3 h6 8. Be3
Nd4 9. Bxd4 exd4 10. Ne2 Bb4+ 11. c3 dxc3 12. bxc3 Ba5 13. O-O Bxb3 14. axb3
Bb6 15. Ng3 Nf6 16. Qd2 g5 17. Nf5 O-O-O 18. Ra4 g4 19. hxg4 Nxg4 20. N3d4 h5
21. Qa2 c6 22. Ra1 Bxd4 23. Rxd4 a6 24. Nxd6+ Kb8 25. b4 Qc7 26. Nf5 Rxd4 27.
cxd4 Qh2+ 28. Kf1 Qh1+ 29. Ke2 Qxg2 30. Kd2 Qxf2+ 31. Kc3 Qxa2 32. Rxa2 h4 33.
Rg2 Nh6 34. Nxh4 Kc7 35. Kc4 Kb6 36. Rg5 Rf8 37. Nf3 f6 38. Rg6 Ng8 39. Rg3 Ne7
40. Rg7 Nc8 41. e5 fxe5 42. Nxe5 Re8 43. Nd7+ Kc7 44. Nc5+ Re7 45. Rxe7+ Nxe7
46. Nb3 Kb6 47. Na5 Nd5 48. Nb3 Ne3+ 49. Kc3 Kb5 50. Nc5 b6 51. Ne4 Nd5+ 52.
Kb3 a5 53. Nd6+ Ka6 54. bxa5 Kxa5 55. Nc4+ Ka6 56. Ne5 Kb5 57. Nc4 Nf4 58. Nd6+
Ka6 59. Kc3 b5 60. Ne4 Kb6 61. Kd2 b4 62. Nc5 Kb5 63. Ke3 Nd5+ 64. Ke4 Nc7 65.
Ke5 Na6 66. Nb3 Ka4 67. Nd2 b3 68. Nxb3 Kxb3 69. Kd6 Nb4 70. Kc5 Kc3 71. Kb6
Kxd4 72. Kc7 Kxd3 73. Kb6 Kd4 74. Ka5 Nd3 75. Kb6 c5 76. Kb5 Kc3 77. Ka4 c4 78.
Ka3 Kc2 79. Ka2 c3 0-1

[Event "Lansing (MI Am/1)"]
[Site "?"]
[Date "1993.??.??"]
[Round "?"]
[White "Welch, Joseph"]
[Black "Golonka, Stan"]
[Result "0-1"]
[WhiteElo "1605"]
[BlackElo "1960"]
[PlyCount "56"]
[EventDate "1993.??.??"]

1. e4 c5 2. Nc3 d6 3. g3 g6 4. Bg2 Bg7 5. d3 e5 6. Nge2 Ne7 7. O-O O-O 8. Rb1
Nbc6 9. Be3 Be6 10. Qd2 Nd4 11. f4 Rc8 12. fxe5 dxe5 13. a4 Nec6 14. Bxd4 Nxd4
15. b4 Qd6 16. b5 c4 17. Nxd4 Qxd4+ 18. Kh1 cxd3 19. Nd5 Rxc2 20. Qd1 Bxd5 21.
exd5 e4 22. Qe1 f5 23. g4 Qxd5 24. gxf5 gxf5 25. h4 Rfc8 26. Qg3 Kh8 27. Rg1 d2
28. Bf3 Be5 0-1

[Event "Lansing (MI Am/3)"]
[Site "?"]
[Date "1993.??.??"]
[Round "?"]
[White "Welch, Joseph"]
[Black "Bee, A."]
[Result "0-1"]
[WhiteElo "1605"]
[BlackElo "1820"]
[PlyCount "60"]
[EventDate "1993.??.??"]

1. e4 c6 2. d4 d5 3. Nc3 dxe4 4. Nxe4 Bf5 5. Ng3 Bg6 6. Nf3 e6 7. Bd3 Nd7 8.
Be3 Ngf6 9. Qe2 Be7 10. c4 Qc7 11. c5 Nd5 12. O-O Bxd3 13. Qxd3 Nxe3 14. fxe3
O-O 15. Qc3 Nf6 16. e4 h6 17. Rad1 Rad8 18. Kh1 Ng4 19. e5 f6 20. exf6 Nxf6 21.
Qe3 Qd7 22. Rfe1 Ng4 23. Qe2 Qd5 24. h3 Nf6 25. Qxe6+ Qxe6 26. Rxe6 Bxc5 27.
Nf5 Nh5 28. Re5 Rxf5 29. Re6 Rfd5 30. Rf1 Ng3+ 0-1

[Event "Ann Arbor (HV Mini)"]
[Site "?"]
[Date "1993.??.??"]
[Round "?"]
[White "Weaver, D."]
[Black "Schafer, Jurgen"]
[Result "0-1"]
[WhiteElo "1605"]
[BlackElo "1605"]
[PlyCount "48"]
[EventDate "1993.??.??"]

1. d4 d5 2. Nc3 Nf6 3. h3 Nc6 4. Nf3 Bf5 5. Nh4 Bd7 6. Bg5 e6 7. Nf3 Be7 8. e3
h6 9. Bh4 g5 10. Bg3 Bb4 11. Qd3 Ne4 12. Bh2 Qf6 13. Bxc7 Rc8 14. Bh2 O-O 15.
a3 Ba5 16. b4 Nxb4 17. axb4 Bxb4 18. Rxa7 Rxc3 19. Qxc3 Bxc3+ 20. Kd1 Nxf2+ 21.
Kc1 Nxh1 22. Rxb7 Qd8 23. Ne5 Qa5 24. Kd1 Qa1+ 0-1

[Event "Flint (Beg/5)"]
[Site "?"]
[Date "1993.??.??"]
[Round "?"]
[White "Weatherly, Q."]
[Black "Smith, William"]
[Result "0-1"]
[WhiteElo "1605"]
[BlackElo "1605"]
[PlyCount "38"]
[EventDate "1993.??.??"]

1. d4 c6 2. c4 d6 3. Nc3 Nd7 4. e4 e6 5. Nf3 Ngf6 6. Be2 Qa5 7. O-O Be7 8. Nd2
Nb6 9. e5 dxe5 10. dxe5 Nfd7 11. Nf3 O-O 12. Bd3 Nxe5 13. Nxe5 Qxe5 14. f4 Qc5+
15. Kh1 e5 16. Qh5 g6 17. Qf3 Bd6 18. fxe5 Qxe5 19. Bh6 Qxh2# 0-1

[Event "Flint (Beg/2)"]
[Site "?"]
[Date "1993.??.??"]
[Round "?"]
[White "Weatherly, Q."]
[Black "Banks, David"]
[Result "1-0"]
[WhiteElo "1605"]
[BlackElo "1605"]
[PlyCount "51"]
[EventDate "1993.??.??"]

1. Nf3 d5 2. Nc3 c6 3. d4 Nf6 4. e3 Nbd7 5. Bd3 e5 6. Nxe5 Nxe5 7. dxe5 Nd7 8.
Qf3 Nc5 9. Bf5 Be6 10. Bxe6 Nxe6 11. Bd2 Ng5 12. Qg4 Bc5 13. O-O O-O 14. a3 f5
15. Qg3 d4 16. exd4 Bxd4 17. Bxg5 Qb6 18. Be3 Rad8 19. Bxd4 Rxd4 20. Rad1 Rg4
21. Qf3 Qc5 22. h3 Rc4 23. Qg3 f4 24. Qg5 Qb6 25. Rd7 h6 26. Qxg7# 1-0